Návrh na zefektívnenie systému hodnotenia zamestnancov v podniku Silgan Metal Packaging Nove Mesto a. s.
Salvato in:
| Autore principale: | |
|---|---|
| Altri autori: | |
| Natura: | Manoscritto Libro |
| Lingua: | slovacco |
| Pubblicazione: |
2015
|
| Soggetti: | |
| Accesso online: | http://is.stuba.sk/zp/portal_zp.pl?podrobnosti=99015 |
| Tags: |
Nessun Tag, puoi essere il primo ad aggiungerne!!
|
MARC
| LEADER | 00000ntm a22000003a 4500 | ||
|---|---|---|---|
| 001 | stuzp49510 | ||
| 003 | SK-STU | ||
| 005 | 20160719153311.0 | ||
| 007 | ta | ||
| 008 | 150427s2015----xo-----f-mn---000-0-slo-d | ||
| 040 | |a STU |b slo | ||
| 041 | 0 | |a slo | |
| 100 | 1 | |a Smoleková, Veronika, |d 1990- |u 064000 |4 aut |U MTF Materiálovotechnologická fakulta |T MTF Ústav priemyselného inžinierstva a manažmentu |X 69457 |U M4000 |Y 84 |7 A000069457 | |
| 242 | 0 | 1 | |a Proposal for improving system valuation of employees in company Silgan Metal Packaging Nove Mesto Inc. |y eng |
| 245 | 1 | 0 | |a Návrh na zefektívnenie systému hodnotenia zamestnancov v podniku Silgan Metal Packaging Nove Mesto a. s. |
| 260 | |c 2015 | ||
| 650 | 4 | |a systém hodnotenia |2 slo | |
| 650 | 4 | |a zamestnanci |2 slo | |
| 650 | 4 | |a hodnotenie |2 slo | |
| 650 | 4 | |a system of valuation |2 eng | |
| 650 | 4 | |a employees |2 eng | |
| 650 | 4 | |a valuation |2 eng | |
| 700 | 1 | |a Hrablik Chovanová, Henrieta, |d 1977- |4 ths |X 2766 |7 A000002766 | |
| 856 | 4 | |u http://is.stuba.sk/zp/portal_zp.pl?podrobnosti=99015 | |
| 996 | |c M* DP-12234 |l MMSKP |s P |a 0 |w stuzp49510_0001 | ||
| SQL | |a stuzp49510 |b DDP |c SLO |d Návrh na zefektívnenie systému hodnotenia zamestnancov v podniku Silgan Metal Packaging Nove Mesto a. s. |e 69457 |f Smoleková, Veronika |g 064000 |h 2766 |i Hrablik Chovanová, Henrieta |j 20150602 |k 189 |l 06 |m http://is.stuba.sk/zp/portal_zp.pl?podrobnosti=99015 |n I-PMA |o 5.2.52. priemyselné inžinierstvo | ||